Stati con più Induisti in Africa - Statistics

Statistiche generali
  • Questo quiz è stato fatto 8 volte
  • Il punteggio medio è 8 su 10
Statistiche sulle risposte
Induisti (in numeri assoluti) Stato % Corretto
19 449 Madagascar
100%
670 000 Mauritius
100%
60 000 Kenya
88%
505 000 Sudafrica
88%
50 000 Tanzania
88%
355 497 Uganda
75%
16 068 Zambia
75%
12 500 Ghana
63%
30 000 Repubblica Democratica del Congo
63%
18 013 Costa d'Avorio
50%
Nessun quiz corrispondente trovato
Distribuzione punteggi
Percentuale di utenti per punteggio
Percentile per numero di risposta
I tuoi punteggi nel tempo
Non hai fatto questo quiz